000 00464nam a22001697a 4500
005 20251108171237.0
008 250721s1994 xx 000 0 ara d
082 1 4 _a211/عمر
100 1 _aباشميل، عمر يوسف
245 1 0 _aالشفيع /
264 1 _aالرياض :
_bدار طويق للنشر و التوزيع،
_c1994.
300 _a94ص
650 1 7 _aالقرآن الكريم
650 1 7 _aعلوم
942 _2ddc
_cBK
999 _c60277
_d60277